000 00466nam a2200157Ia 4500
008 160316s2010 xxu||||| |||| 00| 0 eng d
082 _a344.013000
_bILO
100 _a
245 _aINDUS child labour project: In focus programme on the elimination of child labour
250 _a
260 _aNew Delhi
_bInternational Labour Office
_c2010
300 _a20
_b
_c
365 _b
650 _a1. elimination - child labour 2. child labour - policy
700 _a
_a
999 _c35707
_d35707